Estudios (Registro nro. 20327)

Detalles MARC
000 -CABECERA
Campo de control 00683nam a22001937a 4500
005 - FECHA Y HORA DE LA ULTIMA TRANSACCION
Campo de control 20180920100158.0
008 - ELEMENTOS DE LONGITUD FIJA—INFORMACION GENERAL
Campo de control 180920b xxu||||| |||| 00| 0 spa d
040 ## - FUENTE DE CATALOGACIÓN
Agencia catalogadora original CO-BoIAVH
Agencia transcriptora CO-BoIAVH
041 ## - IDIOMA
Código de idioma para texto/pista de sonido o título separado Español
044 ## - PAÍS DE PUBLICACIÓN
País de publicación Colombia
110 ## - ASIENTO PRINCIPAL--NOMBRE CORPORATIVO
Nombre corporativo o de jurisdicción como elemento de entrada Comisión municipal de aguas
9 (RLIN) 101315
245 10 - MENCION DE TITULO
Título Estudios
Parte restante del título de los proyectos de río blanco, río tunjuelo y río teusaca, para el abastecimiento de aguas en la ciudad de Bogota
260 ## - PUBLICACION, DISTRIBUCION, ETC. (PIE DE IMPRENTA)
Lugar de publicación, distribución, etc. Bogotá
Nombre del editor, distribuidor, etc. Ediciones del Consejo de Bogotá
Fecha de publicación, distribución, etc. 1933
300 ## - DESCRIPCION FISICA
Extensión 132 páginas;
Otros detalles físicos fotografiaras, gráficas.
Dimensiones 30 x 22cm
650 #0 - ASIENTO SECUNDARIO DE MATERIA - TERMINO TEMATICO
9 (RLIN) 28044
Término temático o nombre geográfico como elemento de entrada Hidrología
650 #0 - ASIENTO SECUNDARIO DE MATERIA - TERMINO TEMATICO
9 (RLIN) 93112
Término temático o nombre geográfico como elemento de entrada Análisis del agua
650 #0 - ASIENTO SECUNDARIO DE MATERIA - TERMINO TEMATICO
9 (RLIN) 8541
Término temático o nombre geográfico como elemento de entrada Sedimentación
942 ## - ELEMENTOS ADICIONALES (KOHA)
Sistema de clasificación Local
Tipo de ítem Informe Técnico
Existencias
Withdrawn status Lost status Sistema de Clasificación Damaged status No para préstamo Colección Ubicación Permanente Ubicación actual Fecha de adquisición Total Checkouts Número topográfico Inventario / Código de Barras Date last seen Ejemplar Price effective from Forma de adquisición Tipo de material
    Local     General Bogotá Bogotá 20/09/2018   LB-05920 043309 20/09/2018 Ej. 1 20/09/2018 Donación Informe Técnico